<?xml version="1.0" encoding="UTF-8"?><?xml-stylesheet type="text/xsl" href="static/style.xsl"?><OAI-PMH xmlns="http://www.openarchives.org/OAI/2.0/" xmlns:xsi="http://www.w3.org/2001/XMLSchema-instance" xsi:schemaLocation="http://www.openarchives.org/OAI/2.0/ http://www.openarchives.org/OAI/2.0/OAI-PMH.xsd"><responseDate>2026-06-05T16:15:50Z</responseDate><request verb="GetRecord" identifier="oai:riuma.uma.es:10630/30523" metadataPrefix="marc">https://riuma.uma.es/rest/oai/request</request><GetRecord><record><header><identifier>oai:riuma.uma.es:10630/30523</identifier><datestamp>2026-02-03T11:43:35Z</datestamp><setSpec>com_10630_2254</setSpec><setSpec>col_10630_37956</setSpec></header><metadata><record xmlns="http://www.loc.gov/MARC21/slim" xmlns:dcterms="http://purl.org/dc/terms/" xmlns:doc="http://www.lyncode.com/xoai" xmlns:xsi="http://www.w3.org/2001/XMLSchema-instance" xsi:schemaLocation="http://www.loc.gov/MARC21/slim http://www.loc.gov/standards/marcxml/schema/MARC21slim.xsd">
   <leader>00925njm 22002777a 4500</leader>
   <datafield ind2=" " ind1=" " tag="042">
      <subfield code="a">dc</subfield>
   </datafield>
   <datafield ind2=" " ind1=" " tag="720">
      <subfield code="a">Gutiérrez-Hernández, Oliver</subfield>
      <subfield code="e">author</subfield>
   </datafield>
   <datafield ind2=" " ind1=" " tag="260">
      <subfield code="c">2018-12-15</subfield>
   </datafield>
   <datafield ind2=" " ind1=" " tag="520">
      <subfield code="a">Este artículo ofrece una mirada crítica hacia la geografía regional, centrándose específicamente en la reseña del manual "Geografía de Europa: estructuras, procesos y dinámicas". Coordinado por Francisco López Palomeque y Juan Ignacio Plaza Gutiérrez, este completo manual, a pesar de sus 589 páginas, sorprende por su concisión en comparación con otros de su categoría. Es esencial destacar la intencionalidad detrás del término "manual", ya que los propios autores concibieron inicialmente la obra como un manual universitario. Sin embargo, cabe resaltar que, según los mismos autores, el propósito de la obra trasciende la mera función de un manual de referencia para estudiantes. En lugar de limitarse a ser un compendio académico, la obra, por vocación propia, rebasa los límites de un manual convencional. Su objetivo primordial es satisfacer la creciente demanda de conocimientos relacionados con la siempre cambiante realidad geográfica de Europa. En resumen, la "Geografía de Europa" no solo se erige como un manual académico, sino como una obra integral que busca cumplir con la necesidad de comprender la dinámica y evolución geográfica de Europa en la actualidad.</subfield>
   </datafield>
   <datafield ind1="8" ind2=" " tag="024">
      <subfield code="a">Gutiérrez Hernández, O. (2020). La construcción de una geografía de Europa. Ería, 40(1), 124–128. Recuperado a partir de https://reunido.uniovi.es/index.php/RCG/article/view/14419</subfield>
   </datafield>
   <datafield ind1="8" ind2=" " tag="024">
      <subfield code="a">https://reunido.uniovi.es/index.php/RCG/article/view/14419</subfield>
   </datafield>
   <datafield ind1="8" ind2=" " tag="024">
      <subfield code="a">https://hdl.handle.net/10630/30523</subfield>
   </datafield>
   <datafield tag="653" ind2=" " ind1=" ">
      <subfield code="a">Reseñas</subfield>
   </datafield>
   <datafield tag="653" ind2=" " ind1=" ">
      <subfield code="a">Europa - Geografía</subfield>
   </datafield>
   <datafield ind2="0" ind1="0" tag="245">
      <subfield code="a">La construcción de una geografía de Europa.</subfield>
   </datafield>
</record>
</metadata></record></GetRecord></OAI-PMH>